000 00285nam a22001337a 4500
008 181105b xxu||||| |||| 00| 0 eng d
020 _a9788242098696
041 _aeng
080 _a339.9
100 _a59
101 _aGLO
245 _aGlobalization
_c Katie.S
942 _2udc
_cBK
999 _c51783
_d51783